A quels sons appartiennent ces paroles (Josman) - Statistiques

Statistiques générales
  • Ce quiz a été pris 143 fois
  • Le résultat moyen est 8 sur 10
Statistiques - réponses
Question Réponse % Correct
Ne vois-tu pas que j'ai autre chose à faire? Ne vois-tu pas que j'ai autre chose à penser? Ne vois-tu pas que le monde se meurt Et que les étoiles ont arrêté de danser? Ne vois-tu pas qu'il n'y a plus rien de sensé? Ne vois-tu pas que je n'arrive plus à pioncer? Ne vois-tu pas que les routes sont pavées de ronces Et qu'on a arrêté d'avancer? Intro
97%
Yeah, la vraie vie c'est pas les réseaux J'suis dans le sky high dans mon vaisseau Elle veut que j'la te-sau, elle veut les pesos Moi j'veux les pesos à Jeff Bezos Goal
93%
Dans mon jardin secret, toutes les fleurs seules se fanent J'ai ravalé mes pleurs, j'les ai brûlées dans une flamme Parfois, l'chagrin est trop grand pour s'glisser dans une larme Mort ce soir
92%
Trop d'aigreur dans ma tête, j'pense aux erreurs qu'on a faite Mais j'les ferais pas deux fois, pas le choix, pas le droit J'roule un doobie pour maintenant J'fume et j'oublie pour un temps, juste un tout petit court instant Un zder et thé
90%
Encore hier j'passais devant ton restau' préféré J'ai plein d'souvenirs fracturés J'ai des plaies, des blessures, des œdèmes Dernier je t'aime (ft Monsieur Nove)
82%
Je sais c'que tu veux, j'vais à l'essentiel T'es toujours naturelle, à l'aise et sensuelle Quand tu bouges ton bassin, c'est comme dans les clips Tu m'chamboules la vue comme pendant l'éclipse My love (ft Tayc)
80%
Toi et moi ça sera une sex story, Moi j'suis là que pour le sexe torride Ouais j'suis là que pour tes fesses J'pas trop le time, faut que j'encaisse Sec
78%
Si j't'ai fait du mal, désolé, c'était pas intentionnellement C'est pas personnel, nan, t'sais des défauts, j'en ai tellement J'essaye juste d'rester honnête et rationnel, nan Des étincelles plein les yeux, des étincelles plein les yeux Les flammes
73%
On verra bien où tout ça nous mène, dans mon cœur il y a l'Afrique Tout au fond de mon cœur il y a le tiers-monde Tout au fond de mon cœur il y a le Yémen Mon cœur se déchire quand le ciel se déchaîne, yeah A notre âge
53%
Plus rien qui m'effraie, y a tout qui m'attriste Mon cœur et mes plaies, des cicatrices Factice
50%
Aucun quiz correspondant
Distribution des résultats
% des personnes avec chaque résultat
Percentile par nombre de réponses
Votre historique - résultats
Vous n’avez pas pris ce quiz